Central Library OPAC University of Rajshahi

Catalytic hydrogenation in organic syntheses / (Record no. 70110)

MARC details
000 -LEADER
fixed length control field 00758nam a2200253 a 4500
001 - CONTROL NUMBER
control field 70110
003 - CONTROL NUMBER IDENTIFIER
rucl marc code BD-RjUL
005 - DATE AND TIME OF LATEST TRANSACTION
control field 20211209081950.0
008 - FIXED-LENGTH DATA ELEMENTS--GENERAL INFORMATION
fixed length control field 170416s1979 nyua b 001 0 eng d
020 ## - INTERNATIONAL STANDARD BOOK NUMBER
International Standard Book Number 0126053553
035 ## - SYSTEM CONTROL NUMBER
System control number (BD-RjUL)70322
040 ## - CATALOGING SOURCE
Original cataloging agency DLC
Transcribing agency DLC
Modifying agency DLC
-- BD-RjUL
Language of cataloging eng
041 ## - LANGUAGE CODE
Language code of text/sound track or separate title eng
082 00 - DEWEY DECIMAL CLASSIFICATION NUMBER
Classification number 547.23
Edition number 23
Author mark and year RYC 1979
100 1# - MAIN ENTRY--PERSONAL NAME
Personal name Rylander, Paul
Dates associated with a name 1920-
9 (RLIN) 207642
245 10 - TITLE STATEMENT
Title Catalytic hydrogenation in organic syntheses /
Statement of responsibility, etc. Paul Rylander.
260 ## - PUBLICATION, DISTRIBUTION, ETC. (IMPRINT)
Place of publication, distribution, etc. New York :
Name of publisher, distributor, etc. Academic Press,
Date of publication, distribution, etc. 1979.
300 ## - PHYSICAL DESCRIPTION
Pagination x, 325 p. :
Illustrations ill. ;
Size 24 cm.
504 ## - BIBLIOGRAPHY, ETC. NOTE
Bibliography, etc Includes bibliographies and index.
650 #0 - SUBJECT ADDED ENTRY--TOPICAL TERM
Topical term or geographic name as entry element Hydrogenation.
9 (RLIN) 207643
Topical term or geographic name as entry element Catalysis.
9 (RLIN) 207644
Topical term or geographic name as entry element Organic compounds
General subdivision Synthesis.
9 (RLIN) 160554
942 ## - ADDED ENTRY ELEMENTS (KOHA)
Source of classification or shelving scheme Dewey Decimal Classification
Koha item type Books
Holdings
Lost status Source of classification or shelving scheme Damaged status Not for loan Collection code Permanent Location Current Location Shelving location Date acquired Source of acquisition Cost, normal purchase price Total Checkouts Full call number Date last seen Copy number Koha item type
  Dewey Decimal Classification   Not For Loan Non-fiction Central Library, University of Rajshahi Central Library, University of Rajshahi Reading Room 01/08/1988 Momin Brothers 44.00   547.23 RYC 1979 16/04/2017 C-1 Books